| 000 | 00705pam a2200253 a 4500 | ||
|---|---|---|---|
| 001 | 3296776 | ||
| 003 | NUST - PNEC | ||
| 005 | 20170116180828.0 | ||
| 008 | 830919s1984 paua 001 0 eng | ||
| 010 | _a 83020046 | ||
| 020 | _a0030595223 | ||
| 040 |
_aDLC _cLIBRARY _dDLC |
||
| 050 | 0 | 0 |
_aQA303 _b.B48 1984 |
| 082 | 0 | 0 | _a515 BER |
| 100 | 1 | _aBerkey, Dennis D. | |
| 245 | 1 | 0 |
_aCalculus / _cDennis D. Berkey. |
| 260 |
_aPhiladelphia : _bSaunders College Pub., _cc1984. |
||
| 300 |
_axvi, 1098, [96] p. : _bill. ; _c26 cm. |
||
| 500 | _aTable on lining papers. | ||
| 500 | _aIncludes index. | ||
| 650 | 0 |
_aCalculus. _xME |
|
| 906 |
_a7 _bcbc _corignew _d1 _eocip _f19 _gy-gencatlg |
||
| 942 |
_2ddc _cBK |
||
| 999 |
_c63953 _d63953 |
||